Countries That Produce The Most Bananas - Statistics

General Stats
  • This quiz has been taken 31 times
  • The average score is 6 of 10
Answer Stats
Bananas Country % Correct
11.8 m China
96%
34.5 m India
92%
6.9 m Brazil
88%
9.2 m Indonesia
76%
6.1 m Ecuador
60%
8 m Nigeria
52%
5.9 m Philippines
48%
3.5 m Tanzania
28%
4.8 m Guatemala
24%
4.6 Angola
20%
No matching quizzes found
Score Distribution
Percent of People with Each Score
Percentile by Number Answered
Your Score History
You have not taken this quiz